000 00278nam a22001337a 4500
020 _a0706987454
082 _a510
100 _aKothari CR
245 _aQuantitative Techniques
250 _a3rd
260 _aIndia
_bVikas publishing
_c1984
300 _axv,596p
942 _cBK
999 _c17790
_d17790